Uwagi nad samogłoskami i spółgłoskami w ogólności oraz nad niektóremi głoskami abecadła polskiego w szczególności /c przez Franciszka Szopowicza.

Bibliographic Details
Main Author: Szopowicz, Franciszek (Author)
Corporate Author: Matecki, Józef, vdova (Kraków, Poľsko) (Printer)
Format: Book
Language:Polish
PhysicalDescription:190 s. 22 cm
Published: w Krakowie w Drukarni Jozefa Mateckiego 1827
Subjects:

MARC

LEADER 00000nam a22000005a 4500
001 vtls010637655
003 SK-MaSNL
005 20260301135923.0
008 251112s1827 pl 000 0 pol
020 |q (brož.) 
035 |a 947D96FB-D382-4C1B-8FA9-36F012180071 
035 |a urn:nbn:sk:snk-amlom8 
035 |a urn:nbn:sk:snk-am00bx7m 
040 |a SNK  |b slo  |c SNK  |e AACR2 
041 0 |a pol 
044 |a pl  |c PL 
080 |a 811.162.1  |2 2001 
080 |a 81'36  |2 2001 
080 |a 81'342.41  |2 2001 
080 |a 81'1  |2 2001 
080 |a 81'342.42  |2 2001 
100 1 |a Szopowicz, Franciszek  |4 aut  |9 491923 
245 1 0 |a Uwagi nad samogłoskami i spółgłoskami w ogólności oraz nad niektóremi głoskami abecadła polskiego w szczególności /c przez Franciszka Szopowicza. 
260 |a w Krakowie  |b w Drukarni Jozefa Mateckiego  |c 1827 
300 |a 190 s.  |c 22 cm 
546 |a Maďarčina  |a Latinčina  |b Antikva  |b Kurzíva 
561 |a Okrúhla pečiatka: Dar Martina Hamuljaka Matici slovenskej.  |5 SNK IC 18527 
561 |a Okrúhla pečiatka: Nyitra Vármegyei Muzeum 1900 .  |5 SNK IC 18527 
561 |a Okrúhla pečiatka: Knižnica Matice slovenskej.  |5 SNK IC 18527 
650 0 7 |a poľština  |2 SNKPH  |9 1349 
650 0 7 |a západoslovanské jazyky  |2 SNKPH  |9 1320 
650 0 7 |a gramatika  |2 SNKPH  |9 865 
650 0 7 |a samohlásky  |2 SNKPH  |9 19943 
650 0 7 |a lingvistika  |2 SNKPH  |9 860 
650 0 7 |a spoluhlásky  |2 SNKPH  |9 20570 
700 1 |a Hamuljak, Martin,  |d 1789-1859  |4 own  |9 79936 
710 1 |a Matecki, Józef, vdova (Kraków, Poľsko),  |d 1819-1824  |4 prt  |9 487350 
752 |a Poľsko  |d Kraków 
852 |a snk  |b Historické fondy  |p IC 18527 
958 |a ONDV 
999 |c 761839  |d 763769 
952 |t Ham 251  |a SNK  |b SNK  |c SNK_HF  |y PREZ  |7 0  |p 17A1131886  |o snkIC 18527  |i snkKIF 2881/57  |8 5  |0 0  |1 0  |4 0  |d 2014-11-21  |f 1  |l 0  |r 2026-02-24 00:07:29  |w 2026-02-24